000 00481pab a2200181 454500
008 180718b2011 xxu||||| |||| 00| 0 eng d
100 _aBakker, Karel de
245 _aRisk management affecting IS/IT project success through communicative action
260 _c2011
300 _ap.75-90.
362 _aApr
650 _aProject management
700 _aWortmann, Hans
700 _aBoonstra, Albert
773 _aProject Management Journal
908 _aN
909 _a92353
999 _c92353
_d92353